[Event "CRO-chT U20 17th"]
[Site "Sv Filip i Jakov"]
[Date "2008.03.27"]
[Round "6"]
[White "Bojmic, Dino"]
[Black "Vujnovic, Patricija"]
[Result "0-1"]
[WhiteElo "1870"]
[BlackElo "1823"]
[PlyCount "76"]
[EventDate "2008.03.25"]
[EventType "team-tourn"]
[EventRounds "11"]
[EventCountry "CRO"]
[SourceTitle "EXT 2010"]
[Source "ChessBase"]
[SourceDate "2010.11.25"]
[SourceVersion "1"]
[SourceVersionDate "2010.11.25"]
[SourceQuality "1"]

1. e4 Nf6 2. Nc3 d5 3. exd5 Nxd5 4. Nxd5 Qxd5 5. Nf3 Bf5 6. d4 Qe4+ 7. Qe2 Qxe2+ 8. Bxe2 Bxc2 9. Be3 c6 10. 0-0 e6 11. Rac1 Be4 12. Nd2 Bd5 13. a3 Nd7 14. Bc4 Nb6 15. Bxd5 Nxd5 16. Nc4 Be7 17. Rfe1 0-0 18. Rc2 Rfd8 19. f3 Nxe3 20. Rxe3 Rxd4 21. b4 Bf6 22. Kf1 Rad8 23. Ke2 h6 24. h3 Bg5 25. Rec3 Rd1 26. Ne3 Bxe3 27. Kxe3 R1d5 28. g4 g6 29. h4 Kg7 30. a4 R8d7 31. a5 a6 32. Rc4 Rd3+ 33. Ke2 Rb3 34. R2c3 Rxc3 35. Rxc3 Rd4 36. Rb3 Kf6 37. Ke3 e5 38. Rb1 Ke6 0-1

[Event "CRO-chT U20 17th"]
[Site "Sv Filip i Jakov"]
[Date "2008.03.26"]
[Round "3"]
[White "Bojmic, Dino"]
[Black "Mrakovcic, Karmen"]
[Result "1/2-1/2"]
[WhiteElo "1870"]
[BlackElo "1684"]
[PlyCount "56"]
[EventDate "2008.03.25"]
[EventType "team-tourn"]
[EventRounds "11"]
[EventCountry "CRO"]
[SourceTitle "EXT 2010"]
[Source "ChessBase"]
[SourceDate "2010.11.25"]
[SourceVersion "1"]
[SourceVersionDate "2010.11.25"]
[SourceQuality "1"]

1. e4 d5 2. exd5 Qxd5 3. Nc3 Qd6 4. Nf3 Nf6 5. d4 a6 6. h3 Bf5 7. Bd3 Bxd3 8. Qxd3 Nc6 9. Be3 e6 10. a3 Be7 11. 0-0 h6 12. Rad1 Rd8 13. Rfe1 0-0 14. Ne4 Nxe4 15. Qxe4 Bf6 16. c3 Qd5 17. Qxd5 exd5 18. Bf4 Rd7 19. Re2 b5 20. Rde1 Bd8 21. Ne5 Nxe5 22. Bxe5 c6 23. Bf4 Kh7 24. b3 Ba5 25. b4 Bd8 26. Kf1 Bf6 27. Be5 Bd8 28. Bf4 Kg8 1/2-1/2

[Event "CRO-chT U20 17th"]
[Site "Sv Filip i Jakov"]
[Date "2008.03.25"]
[Round "2"]
[White "Bojmic, Dino"]
[Black "Mravic, Filip"]
[Result "1/2-1/2"]
[WhiteElo "1870"]
[BlackElo "1852"]
[PlyCount "56"]
[EventDate "2008.03.25"]
[EventType "team-tourn"]
[EventRounds "11"]
[EventCountry "CRO"]
[SourceTitle "EXT 2010"]
[Source "ChessBase"]
[SourceDate "2010.11.25"]
[SourceVersion "1"]
[SourceVersionDate "2010.11.25"]
[SourceQuality "1"]

1. e4 e5 2. Nf3 Nf6 3. Nc3 Nc6 4. d4 exd4 5. Nxd4 Bc5 6. Nxc6 bxc6 7. Bd3 d6 8. Bf4 0-0 9. 0-0 Re8 10. h3 Bb7 11. Re1 Nd7 12. Be3 Qf6 13. a3 Bxe3 14. Rxe3 Ne5 15. Qd2 Rad8 16. Rae1 d5 17. exd5 cxd5 18. R3e2 Bc6 19. Bb5 Nc4 20. Bxc4 dxc4 21. Rxe8+ Rxe8 22. Rxe8+ Bxe8 23. Qe3 Qe6 24. Qxa7 Qe1+ 25. Kh2 Qe5+ 26. g3 Qf5 27. Qe3 Bc6 28. Qe2 h6 1/2-1/2

[Event "CRO-chT U20 17th"]
[Site "Sv Filip i Jakov"]
[Date "2008.03.25"]
[Round "1"]
[White "Jambrusic, Zvonimir"]
[Black "Bojmic, Dino"]
[Result "1/2-1/2"]
[WhiteElo "1947"]
[BlackElo "1870"]
[PlyCount "56"]
[EventDate "2008.03.25"]
[EventType "team-tourn"]
[EventRounds "11"]
[EventCountry "CRO"]
[SourceTitle "EXT 2010"]
[Source "ChessBase"]
[SourceDate "2010.11.25"]
[SourceVersion "1"]
[SourceVersionDate "2010.11.25"]
[SourceQuality "1"]

1. d4 e6 2. Nf3 d5 3. Bf4 Nf6 4. e3 Bd6 5. Bg3 Bxg3 6. hxg3 Nc6 7. c3 Qd6 8. Nbd2 e5 9. Bb5 exd4 10. Nxd4 Bd7 11. Nxc6 Bxc6 12. Bxc6+ Qxc6 13. Nf3 Qd7 14. Qd4 c6 15. Rd1 a6 16. Ne5 Qe7 17. Ng4 Nxg4 18. Qxg4 Qf6 19. Rd4 g6 20. Rh6 Ke7 21. Qh3 Rad8 22. Rf4 Qg7 23. Rfh4 g5 24. Rxh7 Rxh7 25. Rxh7 Qg6 26. Qh5 Qb1+ 27. Ke2 Qc2+ 28. Ke1 Qb1+ 1/2-1/2